[Event "4NCL"]
[Site "Barcelo Hotel, Hinkley Island,"]
[Date "2011.01.16"]
[Round "4.11"]
[White "Cobb, James E"]
[Black "Dorrington, Chris J"]
[Result "1-0"]
[WhiteElo "2392"]
[BlackElo "2263"]
[PlyCount "59"]
[EventDate "2011.??.??"]
[WhiteTeam "South Wales Dragons"]
[BlackTeam "Barbican Youth"]

1. d4 Nf6 2. Nf3 e6 3. Bg5 c5 4. e3 Nc6 5. Nbd2 d5 6. c3 h6 7. Bh4 Qb6 8. Rb1
Be7 9. Bd3 g5 10. Bg3 Nh5 11. Be5 Nxe5 12. Nxe5 Nf6 13. O-O Rg8 14. b4 cxd4 15.
cxd4 Bd7 16. Nb3 Ba4 17. Qc1 Bxb3 18. Rxb3 Nd7 19. a4 a6 20. a5 Qd8 21. f4 f5
22. b5 Nxe5 23. fxe5 axb5 24. Rxb5 Kf7 25. g4 Kg7 26. Rb6 Rxa5 27. Rxe6 Ba3 28.
Qb1 Rf8 29. Bxf5 Ra6 30. Qxb7+ 1-0

[Event "4NCL"]
[Site "Barcelo Hotel, Hinkley Island,"]
[Date "2011.01.16"]
[Round "4.12"]
[White "Coleman, David J"]
[Black "Cooper, John G"]
[Result "1-0"]
[WhiteElo "2258"]
[BlackElo "2363"]
[PlyCount "43"]
[EventDate "2011.??.??"]
[WhiteTeam "Barbican Youth"]
[BlackTeam "South Wales Dragons"]

1. e4 e6 2. d4 d5 3. Nc3 Bb4 4. e5 c5 5. a3 Bxc3+ 6. bxc3 Ne7 7. Qg4 O-O 8. Bd3
Nbc6 9. Bg5 Qa5 10. Ne2 b6 11. O-O Ba6 12. Rfd1 Nf5 13. Ng3 Bxd3 14. Rxd3 cxd4
15. Bf6 Nxe5 16. Bxe5 f6 17. Bxd4 Nxd4 18. cxd4 Rac8 19. Nh5 Rc7 20. Qxe6+ Kh8
21. Nf4 Rxc2 22. Ng6+ 1-0

[Event "4NCL"]
[Site "Barcelo Hotel, Hinkley Island,"]
[Date "2011.01.16"]
[Round "4.13"]
[White "Zeidler, Sven P"]
[Black "Taylor, Peter P"]
[Result "1-0"]
[WhiteElo "2247"]
[BlackElo "2226"]
[PlyCount "75"]
[EventDate "2011.??.??"]
[WhiteTeam "South Wales Dragons"]
[BlackTeam "Barbican Youth"]

1. e4 c6 2. Nc3 d5 3. Qf3 dxe4 4. Nxe4 Nd7 5. b3 Ndf6 6. Bb2 Bg4 7. Qf4 Nxe4 8.
Qxe4 Bh5 9. Nf3 e6 10. Ne5 Nf6 11. Qh4 Qd5 12. c4 Qe4+ 13. Qxe4 Nxe4 14. g4 Bg6
15. Bg2 Nc5 16. d4 Nd3+ 17. Nxd3 Bxd3 18. Bc3 O-O-O 19. Rd1 Bg6 20. h4 h6 21.
O-O f6 22. h5 Bf7 23. Rd2 Bd6 24. Re1 Kb8 25. Bf1 c5 26. Red1 cxd4 27. Bxd4 Bc7
28. Be2 e5 29. Bxa7+ Kxa7 30. Rd7 Bb6 31. Rxf7 Rxd1+ 32. Bxd1 Rd8 33. Bf3 Rd2
34. b4 Bxf2+ 35. Kf1 Rxa2 36. Rxb7+ Ka6 37. c5 Rb2 38. c6 1-0

[Event "4NCL"]
[Site "Barcelo Hotel, Hinkley Island,"]
[Date "2011.01.16"]
[Round "4.14"]
[White "Hodgson, John H"]
[Black "Redmond, John P"]
[Result "1-0"]
[WhiteElo "2200"]
[BlackElo "2212"]
[PlyCount "80"]
[EventDate "2011.??.??"]
[WhiteTeam "Barbican Youth"]
[BlackTeam "South Wales Dragons"]

1. e4 e6 2. d4 d5 3. Nd2 Be7 4. Bd3 c5 5. dxc5 Nf6 6. Qe2 O-O 7. Ngf3 a5 8. O-O
Na6 9. e5 Nd7 10. c3 Naxc5 11. Bc2 b6 12. Re1 Ba6 13. Qe3 f6 14. b4 fxe5 15.
Nxe5 Nxe5 16. bxc5 Bxc5 17. Qxe5 Bxf2+ 18. Kh1 Bxe1 19. Qxe1 Qf6 20. Nf3 Rac8
21. Bd2 h6 22. Qe3 Rc6 23. Re1 Bc4 24. a4 b5 25. h3 bxa4 26. Bxa4 Rd6 27. Bc1
Ra6 28. Ba3 Rd8 29. Bc5 e5 30. Nxe5 Qf5 31. Nc6 Rxc6 32. Bxc6 Rc8 33. Qe7 Qf6
34. Qxf6 gxf6 35. Re8+ Rxe8 36. Bxe8 Kg7 37. Kg1 h5 38. Bxh5 a4 39. Kf2 Kh6 40.
Be8 Kg7 1-0

[Event "4NCL"]
[Site "Barcelo Hotel, Hinkley Island,"]
[Date "2011.01.16"]
[Round "4.15"]
[White "Morris, Charles F"]
[Black "Cumming, Rhys"]
[Result "0-1"]
[WhiteElo "2188"]
[BlackElo "2008"]
[PlyCount "108"]
[EventDate "2011.??.??"]
[WhiteTeam "South Wales Dragons"]
[BlackTeam "Barbican Youth"]

1. c4 Nf6 2. g3 g6 3. Bg2 d5 4. cxd5 Nxd5 5. Nc3 Nb6 6. d3 Bg7 7. Be3 O-O 8.
Qd2 N8d7 9. Bh6 Nf6 10. Bxg7 Kxg7 11. Nf3 c6 12. O-O Bg4 13. b3 Bxf3 14. Bxf3
Nbd5 15. e4 Nxc3 16. Qxc3 e5 17. Qxe5 Qxd3 18. Kg2 Rfe8 19. Qb2 Qd6 20. Rfe1
Qe5 21. Qa3 a5 22. Rac1 Qe7 23. Qb2 Qe5 24. Rc3 Kg8 25. Qc2 Qc7 26. Bd1 Rad8
27. f4 Rxe4 28. Rxe4 Nxe4 29. Qxe4 Rxd1 30. Rc2 Qd7 31. Re2 Qd5 32. Qxd5 Rxd5
33. Kf3 Kf8 34. Kf2 Rd6 35. Rc2 Re6 36. Rc4 Ke7 37. Rd4 Rd6 38. Re4+ Kd7 39.
Re2 b5 40. Rc2 Re6 41. Rd2+ Kc7 42. Kf3 Re7 43. Kf2 Kb6 44. Rc2 f5 45. Kf3 c5
46. Kf2 a4 47. Kf3 axb3 48. axb3 Ra7 49. Ke2 Ra3 50. Rb2 b4 51. Kd3 Kb5 52. Kc2
c4 53. bxc4+ Kxc4 54. Kd2 b3 0-1

[Event "4NCL"]
[Site "Barcelo Hotel, Hinkley Island,"]
[Date "2011.01.16"]
[Round "4.16"]
[White "Stewart, Ashley"]
[Black "James, David J"]
[Result "1/2-1/2"]
[WhiteElo "1980"]
[BlackElo "2126"]
[PlyCount "49"]
[EventDate "2011.??.??"]
[WhiteTeam "Barbican Youth"]
[BlackTeam "South Wales Dragons"]

1. e4 c5 2. c3 d5 3. exd5 Qxd5 4. d4 Nc6 5. Nf3 Bg4 6. Be2 cxd4 7. cxd4 e6 8.
Nc3 Qa5 9. O-O Nf6 10. Be3 Be7 11. a3 a6 12. h3 Bh5 13. b4 Qd8 14. Qb3 Nd5 15.
Ne4 O-O 16. Rac1 Qb8 17. Nc5 Rc8 18. Nd7 Qd6 19. Nde5 Bf6 20. Nxc6 Rxc6 21.
Rxc6 Qxc6 22. Ne5 Bxe5 23. Bxh5 Bd6 24. Rc1 Qb5 25. Bf3 1/2-1/2

[Event "4NCL"]
[Site "Barcelo Hotel, Hinkley Island,"]
[Date "2011.01.16"]
[Round "4.17"]
[White "Jameson, David"]
[Black "Sanders, Isaac B"]
[Result "0-1"]
[WhiteElo "2054"]
[BlackElo "1989"]
[PlyCount "106"]
[EventDate "2011.??.??"]
[WhiteTeam "South Wales Dragons"]
[BlackTeam "Barbican Youth"]

1. c4 Nf6 2. Nc3 g6 3. g3 Bg7 4. Bg2 O-O 5. d4 d6 6. e3 a6 7. Nge2 Nbd7 8. O-O
c5 9. b3 Rb8 10. Qd3 Ne8 11. Bb2 Nc7 12. Rfd1 b5 13. Rab1 Bb7 14. Bxb7 Rxb7 15.
Nf4 bxc4 16. bxc4 e6 17. Ba3 Rxb1 18. Nxb1 cxd4 19. Bxd6 Ne5 20. Bxe5 Bxe5 21.
Ne2 Qa8 22. exd4 Rd8 23. Nbc3 Bg7 24. Qe4 Qc8 25. d5 exd5 26. Nxd5 Kh8 27. Qf3
Nxd5 28. Rxd5 Re8 29. Qd3 Be5 30. Nc3 Bxc3 31. Qxc3+ Kg8 32. Qd3 Re1+ 33. Kg2
Qc6 34. f3 Qe6 35. Rd8+ Kg7 36. Qc3+ Kh6 37. Rd2 Re2+ 38. Kf1 Re3 39. Rd3 Re2
40. Rd2 Re3 41. Qc1 Kg7 42. Kf2 Re5 43. Qb2 Kh6 44. Qd4 Re1 45. Rc2 g5 46. h4
Rh1 47. hxg5+ Kg6 48. Qd3+ Kg7 49. Qd4+ Kg6 50. Qd3+ Kg7 51. Qc3+ Kg8 52. f4
Qe4 53. g4 Rh2+ 0-1

[Event "4NCL"]
[Site "Barcelo Hotel, Hinkley Island,"]
[Date "2011.01.16"]
[Round "4.18"]
[White "Morrison, Lynne GP"]
[Black "Wilson, Julie C"]
[Result "1/2-1/2"]
[WhiteElo "1913"]
[BlackElo "1898"]
[PlyCount "57"]
[EventDate "2011.??.??"]
[WhiteTeam "Barbican Youth"]
[BlackTeam "South Wales Dragons"]

1. d4 Nf6 2. Nf3 e6 3. e3 b6 4. Bd3 Bb7 5. O-O c5 6. Qe2 Nc6 7. c3 d5 8. Ne5
Nxe5 9. dxe5 Nd7 10. f4 g6 11. a4 Bg7 12. Nd2 O-O 13. e4 Re8 14. Qf2 Qe7 15.
exd5 exd5 16. Nf3 Rad8 17. Re1 Qf8 18. Bd2 Re7 19. Re2 Qe8 20. Rae1 c4 21. Bc2
Bc8 22. Nd4 Nc5 23. f5 Bxe5 24. f6 Bxd4 25. cxd4 Rxe2 26. Rxe2 Ne6 27. Qh4 Qf8
28. Re5 Kh8 29. Bd1 1/2-1/2

[Event "4NCL"]
[Site "Barcelo Hotel, Hinkley Island,"]
[Date "2011.01.16"]
[Round "4.21"]
[White "Winfridsson, Ola"]
[Black "Williams, Simon K"]
[Result "0-1"]
[WhiteElo "2140"]
[BlackElo "2513"]
[PlyCount "54"]
[EventDate "2011.??.??"]
[WhiteTeam "Poisoned Pawns 2"]
[BlackTeam "Jutes of Kent"]

1. d4 e6 2. c4 b6 3. Nc3 Bb7 4. Nf3 Bb4 5. Qc2 f5 6. e3 Nf6 7. a3 Bxc3+ 8. Qxc3
Ne4 9. Qc2 a5 10. b3 O-O 11. Bd3 d6 12. Bb2 Nd7 13. O-O-O Qe7 14. Ne1 c5 15. f3
Nef6 16. Qc3 b5 17. dxc5 Nxc5 18. Bc2 bxc4 19. bxc4 Bc6 20. Qd4 d5 21. Nd3
Nxd3+ 22. Rxd3 dxc4 23. Qxc4 Bd5 24. Qa4 Rfc8 25. Rhd1 Rc4 26. Qb5 Rac8 27.
R1d2 Qc7 0-1

[Event "4NCL"]
[Site "Barcelo Hotel, Hinkley Island,"]
[Date "2011.01.16"]
[Round "4.23"]
[White "McEwan, Ken B"]
[Black "Dickenson, Neil F"]
[Result "0-1"]
[WhiteElo "2139"]
[BlackElo "2313"]
[PlyCount "86"]
[EventDate "2011.??.??"]
[WhiteTeam "Poisoned Pawns 2"]
[BlackTeam "Jutes of Kent"]

1. d4 Nf6 2. Nf3 c5 3. c3 b6 4. Bg5 Bb7 5. Nbd2 e6 6. e3 Be7 7. Bd3 Nc6 8. O-O
cxd4 9. cxd4 Nb4 10. Be2 Ne4 11. Bxe7 Qxe7 12. a3 Nxd2 13. Qxd2 Nd5 14. Bd3 Nf6
15. Qe2 Be4 16. Rac1 O-O 17. Rc2 a5 18. Rfc1 Qd6 19. Ne5 Qd5 20. f3 Bxd3 21.
Qxd3 Rab8 22. b3 Qd6 23. a4 Nd5 24. Qb5 Nxe3 25. Qxd7 Qxd7 26. Nxd7 Nxc2 27.
Nxb8 Nxd4 28. Rd1 Nxf3+ 29. gxf3 Rxb8 30. Rd7 g5 31. Kf2 Kg7 32. Ke3 Rc8 33.
Kd3 Rc6 34. Rb7 Kg6 35. Ke4 h5 36. h3 Kf6 37. Kd4 h4 38. Ke4 Rd6 39. Ke3 e5 40.
Ke2 Ke6 41. Ke3 f6 42. Ke2 Kf5 43. Ke3 Rc6 0-1

[Event "4NCL"]
[Site "Barcelo Hotel, Hinkley Island,"]
[Date "2011.01.16"]
[Round "4.24"]
[White "Naylor, John"]
[Black "Hutchinson, Norman A"]
[Result "1-0"]
[WhiteElo "2162"]
[BlackElo "2054"]
[PlyCount "47"]
[EventDate "2011.??.??"]
[WhiteTeam "Jutes of Kent"]
[BlackTeam "Poisoned Pawns 2"]

1. e4 c6 2. d4 d5 3. exd5 cxd5 4. c4 Nf6 5. Nc3 e6 6. Nf3 Bb4 7. cxd5 Nxd5 8.
Bd2 Nc6 9. Bd3 O-O 10. O-O a6 11. Re1 Nce7 12. Ne5 Nf6 13. Bg5 Ned5 14. Rc1 Qa5
15. Qf3 Be7 16. Qh3 g6 17. Qh4 Qd8 18. Bc4 Nd7 19. Bxe7 Nxe7 20. Nxf7 Kxf7 21.
Bxe6+ Ke8 22. Nd5 Ne5 23. Nc7+ Qxc7 24. Rxc7 1-0

[Event "4NCL"]
[Site "Barcelo Hotel, Hinkley Island,"]
[Date "2011.01.16"]
[Round "4.25"]
[White "McMahon, Paul"]
[Black "Mack, Andrew L"]
[Result "1/2-1/2"]
[WhiteElo "2037"]
[BlackElo "2203"]
[PlyCount "37"]
[EventDate "2011.??.??"]
[WhiteTeam "Poisoned Pawns 2"]
[BlackTeam "Jutes of Kent"]

1. Nc3 e6 2. Nf3 d5 3. e4 Nf6 4. exd5 Nxd5 5. Bc4 Nb6 6. Qe2 Nxc4 7. Qxc4 Bd6
8. Nb5 O-O 9. Nxd6 Qxd6 10. d3 Nc6 11. Be3 b6 12. O-O-O Bb7 13. Ng5 Qb4 14. Qe4
Qxe4 15. dxe4 Rfd8 16. f3 h6 17. Nh3 Rxd1+ 18. Rxd1 Rd8 19. Rxd8+ 1/2-1/2

[Event "4NCL"]
[Site "Barcelo Hotel, Hinkley Island,"]
[Date "2011.01.16"]
[Round "4.26"]
[White "Rich, Mark C"]
[Black "Walker, Samuel A"]
[Result "0-1"]
[WhiteElo "2145"]
[BlackElo "1945"]
[PlyCount "60"]
[EventDate "2011.??.??"]
[WhiteTeam "Jutes of Kent"]
[BlackTeam "Poisoned Pawns 2"]

1. e4 c5 2. Nc3 g6 3. f4 Bg7 4. Nf3 Nc6 5. Bb5 Nd4 6. O-O Nxb5 7. Nxb5 d5 8.
exd5 a6 9. Nc3 Nf6 10. d4 Nxd5 11. dxc5 Nxc3 12. Qxd8+ Kxd8 13. bxc3 Bxc3 14.
Rb1 Kc7 15. Rb3 Bf6 16. Bd2 a5 17. Rfb1 Rd8 18. Rb5 Rd5 19. Bxa5+ Kc6 20. c4
Rd3 21. R1b3 Bf5 22. Rb6+ Kxc5 23. R3b5+ Kxc4 24. Kf1 Rxf3+ 25. gxf3 Bd3+ 26.
Kg2 Kd4 27. Rb4+ Kc5 28. Rb3 Rxa5 29. Rxb7 Rxa2+ 30. Kg3 Bf1 0-1

[Event "4NCL"]
[Site "Barcelo Hotel, Hinkley Island,"]
[Date "2011.01.16"]
[Round "4.27"]
[White "Judkins, Brian D"]
[Black "Donovan, Nigel P"]
[Result "1/2-1/2"]
[WhiteElo "1890"]
[BlackElo "2033"]
[PlyCount "85"]
[EventDate "2011.??.??"]
[WhiteTeam "Poisoned Pawns 2"]
[BlackTeam "Jutes of Kent"]

1. e4 c5 2. Nf3 e6 3. d4 cxd4 4. Nxd4 Nf6 5. Nc3 d6 6. Be2 Be7 7. O-O O-O 8.
Be3 a6 9. f4 Qc7 10. Bf3 Nc6 11. Qe1 Nxd4 12. Bxd4 e5 13. Be3 Be6 14. f5 Bc4
15. Rf2 b5 16. g4 b4 17. Ne2 d5 18. Ng3 dxe4 19. Nxe4 Nd5 20. Bd2 Bh4 21. Ng3
Nf4 22. Bxa8 Rxa8 23. Bxf4 exf4 24. Qe4 Bd5 25. Qxf4 Qe7 26. Rd1 Rd8 27. Re2
Qc5+ 28. Qe3 Be7 29. Rxd5 Rxd5 30. Qxc5 Bxc5+ 31. Kg2 Kf8 32. Kf3 Rd7 33. Ne4
Be7 34. c4 bxc3 35. Nxc3 Rd3+ 36. Ke4 Rh3 37. Nd5 Bd6 38. Rc2 Ke8 39. Nf4 Rh4
40. Rg2 Kd7 41. Kf3 g5 42. fxg6 hxg6 43. Rd2 1/2-1/2

[Event "4NCL"]
[Site "Barcelo Hotel, Hinkley Island,"]
[Date "2011.01.16"]
[Round "4.28"]
[White "Wilson, Alexandra"]
[Black "Messere, Owen"]
[Result "0-1"]
[WhiteElo "2037"]
[BlackElo "1778"]
[PlyCount "74"]
[EventDate "2011.??.??"]
[WhiteTeam "Jutes of Kent"]
[BlackTeam "Poisoned Pawns 2"]

1. e4 e6 2. d4 d5 3. e5 c5 4. c3 Nc6 5. Nf3 Qb6 6. a3 c4 7. g3 Bd7 8. Bg2 a5 9.
a4 Qa6 10. Nbd2 b5 11. axb5 Qxb5 12. O-O Ra6 13. Re1 a4 14. Bf1 Na5 15. Be2 Qb6
16. Rf1 Bb5 17. Ne1 Ne7 18. Nc2 Nec6 19. Na3 Bxa3 20. Rxa3 Nb3 21. Nxb3 cxb3
22. Bxb5 Qxb5 23. Qg4 g6 24. Bh6 Na5 25. Qh4 Rg8 26. Bg5 h5 27. Bd8 Nc6 28. Bc7
Qe2 29. Rb1 Qc2 30. Raa1 a3 31. Kg2 axb2 32. Rxa6 Qxb1 33. Ra8+ Kd7 34. Qf6
Qe4+ 35. f3 Qe2+ 36. Kh3 Qf1+ 37. Kh4 g5+ 0-1

[Event "4NCL"]
[Site "Barcelo Hotel, Hinkley Island,"]
[Date "2011.01.16"]
[Round "4.31"]
[White "Jones, Richard S"]
[Black "Talsma, Paul A"]
[Result "1-0"]
[WhiteElo "2361"]
[BlackElo "2260"]
[PlyCount "89"]
[EventDate "2011.??.??"]
[WhiteTeam "Rhyfelwyr Essyllwg"]
[BlackTeam "Anglian Avengers 1"]

1. e4 e5 2. Nf3 Nc6 3. Bb5 a6 4. Ba4 d6 5. c3 f5 6. exf5 Bxf5 7. O-O Bd3 8. Re1
e4 9. Nd4 Qd7 10. Nxc6 bxc6 11. Bc2 Be7 12. Bxd3 exd3 13. Qh5+ g6 14. Qf3 Nh6
15. h3 Nf5 16. Qxd3 O-O 17. b3 Rf7 18. Bb2 Raf8 19. Na3 Ng7 20. c4 Bh4 21. Bd4
Ne6 22. Be3 Bxf2+ 23. Bxf2 Rxf2 24. Qe3 Qf7 25. Nc2 Nf4 26. Kxf2 Nd5+ 27. Qf3
Qd7 28. cxd5 Rxf3+ 29. gxf3 Qxh3 30. dxc6 Qh2+ 31. Ke3 Qe5+ 32. Kf2 Qh2+ 33.
Ke3 Qe5+ 34. Kd3 Qd5+ 35. Kc3 Qxf3+ 36. Kb2 Qxc6 37. Re7 h5 38. Rf1 Qg2 39.
Rff7 Qxd2 40. Rg7+ Kf8 41. Ref7+ Ke8 42. Rxc7 Kf8 43. Rcf7+ Ke8 44. Ra7 Kf8 45.
Rgb7 1-0

[Event "4NCL"]
[Site "Barcelo Hotel, Hinkley Island,"]
[Date "2011.01.16"]
[Round "4.32"]
[White "Player, Edmund C"]
[Black "Rees, Ioan"]
[Result "1-0"]
[WhiteElo "2179"]
[BlackElo "2319"]
[PlyCount "117"]
[EventDate "2011.??.??"]
[WhiteTeam "Anglian Avengers 1"]
[BlackTeam "Rhyfelwyr Essyllwg"]

1. e4 c5 2. Nc3 Nc6 3. Bb5 Nd4 4. Bc4 a6 5. d3 b5 6. Bd5 Ra7 7. Nge2 Nf6 8. Bb3
Bb7 9. Nxd4 cxd4 10. Ne2 e5 11. f4 Bd6 12. O-O O-O 13. Ng3 exf4 14. Bxf4 Bxf4
15. Rxf4 d5 16. e5 Nd7 17. Qh5 g6 18. Qh6 Qe7 19. Ne4 Qxe5 20. Ng5 Qg7 21.
Qxg7+ Kxg7 22. Raf1 Ne5 23. Ne6+ fxe6 24. Rxf8 Bc6 25. h3 a5 26. a3 a4 27. Ba2
Nf7 28. Rc8 Bd7 29. Rc5 Kf8 30. Rf4 Ke7 31. Rxd4 Nd8 32. Rh4 h5 33. d4 Nc6 34.
Rc3 b4 35. axb4 Nxb4 36. Bb1 Be8 37. Rf4 Nc6 38. Ra3 g5 39. Rf2 Nxd4 40. c3 Nb5
41. Ra1 Nd6 42. Bc2 Rb7 43. Bxa4 Ra7 44. b3 Ne4 45. Rc2 Nc5 46. Rca2 Nxa4 47.
bxa4 Ra5 48. Kf2 Kd6 49. Ke3 Kc5 50. Rb2 Rxa4 51. Rxa4 Bxa4 52. Rb8 Bc6 53. Rg8
Kc4 54. Rc8 Kc5 55. Kd2 d4 56. cxd4+ Kd6 57. g3 Bg2 58. Rh8 Kd5 59. Ke3 1-0

[Event "4NCL"]
[Site "Barcelo Hotel, Hinkley Island,"]
[Date "2011.01.16"]
[Round "4.34"]
[White "Munson, Shaun D"]
[Black "Brown, Tom"]
[Result "0-1"]
[WhiteElo "2201"]
[BlackElo "2070"]
[PlyCount "112"]
[EventDate "2011.??.??"]
[WhiteTeam "Anglian Avengers 1"]
[BlackTeam "Rhyfelwyr Essyllwg"]

1. d4 g6 2. Nc3 d5 3. Bg5 Bg7 4. Qd2 Nf6 5. Bh6 O-O 6. O-O-O Ne4 7. Nxe4 dxe4
8. h4 Qd5 9. Kb1 c5 10. Bxg7 Kxg7 11. e3 cxd4 12. exd4 h5 13. Ne2 e5 14. Nc3
Qxd4 15. Qe1 Qb4 16. a3 Qa5 17. Rd5 Qc7 18. Qxe4 Nc6 19. Qe3 Be6 20. Rd1 a6 21.
Be2 Rad8 22. Bxh5 gxh5 23. Qg5+ Kh7 24. Qxh5+ Kg7 25. Qg5+ Kh7 26. Ne4 f5 27.
Nf6+ Rxf6 28. Qxf6 Re8 29. Qg5 Qf7 30. Qe3 f4 31. Qc5 Nd4 32. Rxd4 exd4 33.
Qxd4 Bf5 34. Qd2 Rc8 35. Rc1 Qc4 36. g4 Bxg4 37. Qd6 Rc7 38. Qe5 Qf7 39. Ka1
Re7 40. Qg5 Bh5 41. Rg1 Rd7 42. Qe5 Bg6 43. c4 Qf5 44. Qb8 Qc2 45. Qxf4 Rd1+
46. Ka2 Qb1+ 47. Kb3 Bc2+ 48. Kc3 Rd3+ 49. Kb4 Qxb2+ 50. Kc5 Qxa3+ 51. Kb6 Rd6+
52. Kxb7 Qb4+ 53. Ka8 Rd8+ 54. Ka7 Qe7+ 55. Kxa6 Ra8+ 56. Kb5 Ba4+ 0-1

[Event "4NCL"]
[Site "Barcelo Hotel, Hinkley Island,"]
[Date "2011.01.16"]
[Round "4.35"]
[White "Morris, Gareth L"]
[Black "Spence, David J"]
[Result "0-1"]
[WhiteElo "2131"]
[BlackElo "2231"]
[PlyCount "86"]
[EventDate "2011.??.??"]
[WhiteTeam "Rhyfelwyr Essyllwg"]
[BlackTeam "Anglian Avengers 1"]

1. d4 e6 2. c4 Nf6 3. Nc3 Bb4 4. e3 c5 5. Nge2 d5 6. a3 Bxc3+ 7. Nxc3 cxd4 8.
exd4 dxc4 9. Bxc4 Nc6 10. Be3 b6 11. O-O Bb7 12. Qd3 O-O 13. Rad1 h6 14. Ba2
Ne7 15. Bc1 Ned5 16. Ne2 Qd6 17. f4 Ne7 18. Ng3 Rfd8 19. Bb1 g6 20. b4 h5 21.
f5 exf5 22. Bf4 Qd5 23. Qe2 Qe6 24. Qb2 Ne4 25. Rde1 Re8 26. Bh6 f6 27. Nxe4
Bxe4 28. Rxe4 fxe4 29. d5 Nxd5 30. Ba2 Kh7 31. Be3 Rad8 32. Bxd5 Rxd5 33. Rxf6
Qe5 34. Rf7+ Kg8 35. Qxe5 Rexe5 36. Rxa7 Rf5 37. h4 b5 38. Re7 Rde5 39. Rxe5
Rxe5 40. Kf2 Rd5 41. Kg3 Rf5 42. Kh3 Kf7 43. Kg3 Ke6 0-1

[Event "4NCL"]
[Site "Barcelo Hotel, Hinkley Island,"]
[Date "2011.01.16"]
[Round "4.36"]
[White "Gray, Mark S"]
[Black "Young, Alan"]
[Result "1-0"]
[WhiteElo "2084"]
[BlackElo "2024"]
[PlyCount "85"]
[EventDate "2011.??.??"]
[WhiteTeam "Anglian Avengers 1"]
[BlackTeam "Rhyfelwyr Essyllwg"]

1. e4 e5 2. Nf3 Nc6 3. d4 exd4 4. Bc4 Nf6 5. e5 Ng4 6. O-O d6 7. exd6 Bxd6 8.
Re1+ Kf8 9. Bb5 Be6 10. Bxc6 bxc6 11. h3 Nf6 12. Nxd4 Bd5 13. b3 Qd7 14. c4 Be4
15. Bb2 Be5 16. Bc3 Rd8 17. Ne6+ fxe6 18. Qxd7 Nxd7 19. Rxe4 Bf6 20. Rxe6 Nc5
21. Re1 Kf7 22. Bxf6 Kxf6 23. Nc3 Rd2 24. Re3 Kg6 25. Re5 Nd3 26. Re6+ Kf5 27.
Rxc6 Re8 28. f3 Nf4 29. g4+ Kg5 30. Ne4+ Rxe4 31. fxe4 Nxh3+ 32. Kf1 Kf4 33.
Rxc7 Kf3 34. Rf7+ Nf4 35. Rc1 Kg3 36. Rc3+ Kxg4 37. Ke1 Rxa2 38. Rxg7+ Ng6 39.
Rxh7 Nf4 40. Rg7+ Kh5 41. Rcg3 Kh6 42. Rg8 Kh7 43. R8g4 1-0

[Event "4NCL"]
[Site "Barcelo Hotel, Hinkley Island,"]
[Date "2011.01.16"]
[Round "4.37"]
[White "Smith, Olivia"]
[Black "Gregory, Stephen J"]
[Result "1-0"]
[WhiteElo "2004"]
[BlackElo "2099"]
[PlyCount "125"]
[EventDate "2011.??.??"]
[WhiteTeam "Rhyfelwyr Essyllwg"]
[BlackTeam "Anglian Avengers 1"]

1. Nf3 Nf6 2. g3 d6 3. Bg2 e5 4. d3 g6 5. O-O Bg7 6. e4 O-O 7. Nbd2 h6 8. c3
Nc6 9. Nh4 Kh7 10. Nc4 d5 11. exd5 Nxd5 12. Re1 Be6 13. Nf3 f6 14. Qc2 Qd7 15.
Nh4 Nde7 16. Be3 f5 17. Rad1 Rae8 18. Bc5 Bd5 19. Nf3 b6 20. Ba3 f4 21. Qe2
fxg3 22. hxg3 Rf5 23. Ne3 Rh5 24. Nxd5 Nxd5 25. Nd2 Nf6 26. Ne4 Nxe4 27. Qxe4
Nd8 28. b3 Nf7 29. Qc6 Qxc6 30. Bxc6 Rb8 31. d4 exd4 32. cxd4 Ra5 33. Bb4 Rxa2
34. Re7 Ng5 35. Rxc7 Nh3+ 36. Kg2 Nxf2 37. Rd2 Rxd2 38. Bxd2 Ng4 39. d5 Kh8 40.
d6 Rf8 41. Bf3 Nf6 42. d7 Kh7 43. Rxa7 Rd8 44. Bc6 Bf8 45. Bf4 Kg8 46. Bc7 Rxd7
47. Bxd7 Nxd7 48. Rb7 Kf7 49. Bxb6 Ke6 50. Be3 h5 51. b4 Be7 52. b5 g5 53. Rc7
h4 54. gxh4 gxh4 55. Kh3 Bd6 56. Rc2 Bg3 57. b6 Nb8 58. b7 Kd7 59. Bg5 Bd6 60.
Bxh4 Nc6 61. Bg3 Bb8 62. Bxb8 Nxb8 63. Rc8 1-0

[Event "4NCL"]
[Site "Barcelo Hotel, Hinkley Island,"]
[Date "2011.01.16"]
[Round "4.38"]
[White "Merry, Alan B"]
[Black "Blackburn, Suzy G"]
[Result "1-0"]
[WhiteElo "1979"]
[BlackElo "1944"]
[PlyCount "79"]
[EventDate "2011.??.??"]
[WhiteTeam "Anglian Avengers 1"]
[BlackTeam "Rhyfelwyr Essyllwg"]

1. e4 e6 2. d4 d5 3. Nc3 Nf6 4. e5 Nfd7 5. Nce2 c5 6. c3 Nc6 7. f4 cxd4 8. cxd4
Bb4+ 9. Bd2 Qa5 10. Nf3 Bxd2+ 11. Nxd2 Qb4 12. Rb1 Nxd4 13. a3 Nc5 14. Nc3 Qb6
15. b4 Nd7 16. Na4 Qd8 17. Ne4 Nf5 18. Nf2 O-O 19. Bd3 Ne7 20. Qh5 h6 21. O-O
f5 22. Rfc1 b6 23. Nd1 Bb7 24. Ndc3 a6 25. Ne2 d4 26. Bc4 Nd5 27. Nxd4 Qe7 28.
Bxd5 Bxd5 29. Qe2 b5 30. Nb2 Rac8 31. Qd2 Nb6 32. Rxc8 Rxc8 33. Rc1 Nc4 34.
Nxc4 bxc4 35. Nxf5 Qa7+ 36. Qd4 Qxd4+ 37. Nxd4 c3 38. Kf2 g5 39. g3 gxf4 40.
gxf4 1-0

[Event "4NCL"]
[Site "Barcelo Hotel, Hinkley Island,"]
[Date "2011.01.16"]
[Round "4.41"]
[White "Shaw, Peter"]
[Black "Shridhar Mitesh"]
[Result "0-1"]
[WhiteElo "2164"]
[BlackElo "2118"]
[PlyCount "100"]
[EventDate "2011.??.??"]
[WhiteTeam "White Rose 2"]
[BlackTeam "Cambridge University 2"]

1. d4 Nf6 2. c4 e6 3. Nc3 Bb4 4. Qc2 c5 5. dxc5 Bxc5 6. Bg5 Bxf2+ 7. Kxf2 Ng4+
8. Kg3 Qxg5 9. Nf3 Ne3+ 10. Nxg5 Nxc2 11. Rc1 Nd4 12. e3 Nf5+ 13. Kf2 O-O 14.
Bd3 f6 15. Nf3 Nh6 16. Nb5 Nc6 17. Rhd1 Ng4+ 18. Ke2 Nge5 19. Nxe5 Nxe5 20. Nd6
Rb8 21. c5 b6 22. cxb6 Nxd3 23. Rxc8 Rfxc8 24. Nxc8 Ne5 25. Nxa7 Rxb6 26. Nc8
Rxb2+ 27. Rd2 Rb1 28. Nd6 Kf8 29. Ne4 Ke7 30. Nc3 Rc1 31. Nb5 Nc4 32. Rd4 d5
33. a4 Rc2+ 34. Kf3 Ra2 35. Nc3 Ra3 36. Nd1 Rxa4 37. Kf2 Ra3 38. e4 Ra2+ 39.
Kg3 Rd2 40. Rxd2 Nxd2 41. exd5 exd5 42. Kf4 Ke6 43. h4 Ne4 44. Nb2 g5+ 45. hxg5
fxg5+ 46. Ke3 h5 47. Nd3 Kf5 48. Kd4 Nf6 49. Nf2 h4 50. Ke3 Ng4+ 0-1

[Event "4NCL"]
[Site "Barcelo Hotel, Hinkley Island,"]
[Date "2011.01.16"]
[Round "4.42"]
[White "Robertson, J Stuart"]
[Black "Arnott, Jonathan W"]
[Result "1/2-1/2"]
[WhiteElo "2066"]
[BlackElo "2176"]
[PlyCount "24"]
[EventDate "2011.??.??"]
[WhiteTeam "Cambridge University 2"]
[BlackTeam "White Rose 2"]

1. d4 d5 2. c4 c6 3. Nf3 Nf6 4. Nc3 a6 5. e3 b5 6. b3 Bg4 7. Be2 Nbd7 8. O-O e6
9. Bb2 Bd6 10. Qc2 O-O 11. Rad1 Qb8 12. h3 Bf5 1/2-1/2

[Event "4NCL"]
[Site "Barcelo Hotel, Hinkley Island,"]
[Date "2011.01.16"]
[Round "4.43"]
[White "Weller, Jean-Luc"]
[Black "Gallagher, Ian G"]
[Result "1-0"]
[WhiteElo "2154"]
[BlackElo "2090"]
[PlyCount "83"]
[EventDate "2011.??.??"]
[WhiteTeam "White Rose 2"]
[BlackTeam "Cambridge University 2"]

1. d4 f5 2. Bg5 h6 3. Bh4 g5 4. Bg3 Nf6 5. h4 g4 6. Nd2 d6 7. c3 Nc6 8. b4 e6
9. h5 Qe7 10. Bh4 e5 11. b5 Nd8 12. Nc4 Nf7 13. Ne3 Ng5 14. dxe5 Qxe5 15. Qd3
Bd7 16. Bg3 f4 17. Nc4 Qxb5 18. Bxf4 Qf5 19. e3 Bg7 20. Qxf5 Bxf5 21. Bxd6 Nd5
22. Be5 Bxe5 23. Nxe5 Nxc3 24. Rc1 Nxa2 25. Rxc7 Rh7 26. Bb5+ Kd8 27. Rxh7 Nxh7
28. Nf7+ Ke7 29. Nxh6 Be6 30. Ne2 Nf6 31. Nd4 Nc3 32. Bd3 a5 33. Nhf5+ Bxf5 34.
Nxf5+ Kf8 35. h6 Rd8 36. Bc2 a4 37. h7 Nxh7 38. Rxh7 Kg8 39. Nh6+ Kf8 40. Rh8+
Ke7 41. Rxd8 Kxd8 42. Kd2 1-0

[Event "4NCL"]
[Site "Barcelo Hotel, Hinkley Island,"]
[Date "2011.01.16"]
[Round "4.44"]
[White "Chan, Nevil"]
[Black "Webb, Matthew D"]
[Result "1/2-1/2"]
[WhiteElo "2058"]
[BlackElo "2062"]
[PlyCount "32"]
[EventDate "2011.??.??"]
[WhiteTeam "Cambridge University 2"]
[BlackTeam "White Rose 2"]

1. d4 g6 2. Nc3 Bg7 3. e4 d6 4. Nf3 a6 5. a4 b6 6. Bc4 e6 7. O-O Ne7 8. Be3 h6
9. Ne1 O-O 10. Qf3 Kh7 11. Bd3 Nd7 12. Ne2 a5 13. c3 Bb7 14. Qh3 Bc8 15. Qf3
Bb7 16. Qh3 Bc8 1/2-1/2